| 000 | 01299nam a22002057a 4500 | ||
|---|---|---|---|
| 999 |
_c27329 _d27329 |
||
| 003 | BDDh-ASL | ||
| 005 | 20231015030744.0 | ||
| 008 | 211101s1986 b ||||| |||| 00| 0 b d | ||
| 040 | _cBDDh-ASL | ||
| 082 |
_a910.35492 _bBAN |
||
| 245 | 0 | 0 |
_aবাংলাদেশ জেলা গেজেটীয়ার: পটুয়াখালী: _b(পটুয়াখালী ও বরগুনা জেলা পুনর্বিন্যাসের পূর্ব বিবরণ) / |
| 246 | _aBangladesh District Gazetteer: Potuakhali | ||
| 260 |
_aঢাকা: _bসংস্থাপন মন্ত্রণালয়, গণপ্রজাতন্ত্রী বাংলাদেশ সরকার, _c১৯৮৬। |
||
| 300 |
_a২৯৬ পৃষ্ঠা, : _bছবি ও ম্যাপ; _c২৪ সে. মি. |
||
| 504 | _aগ্রন্থপঞ্জি ও নিঘন্ট সংযুক্ত । | ||
| 650 | 0 |
_95558 _aDistrict Gazetteer (জেলা গেজেটীয়ার) _xবরগুনা |
|
| 651 | 0 |
_aPatuakhali (পটুয়াখালী) _zBangladesh (বাংলাদেশ) _95560 |
|
| 700 | 1 |
_95557 _aলতিফ, এম. এ. _cমেজর জেনারেল (অবসরপ্রাপ্ত) |
|
| 942 |
_2ddc _cBK |
||